Educar para la paz en América Latina

Guardado en:
Detalles Bibliográficos
Autores Corporativos: Universidad Católica Silva Enríquez (Autor), Vicerrectoría de Identidad y Desarrollo Estudiantil (Autor), Dirección de Vinculación con el Medio (Autor)
Formato: Libro
Lenguaje:español
Publicado: Santiago Universidad Católica Silva Henríquez 2014
Edición:1a. ed
Materias:
Etiquetas: Agregar Etiqueta
Sin Etiquetas, Sea el primero en etiquetar este registro!

MARC

LEADER 00000cam a2200000 a 4500
001 UCD2145
003 CL-VaPUC
008 160414e20141200cl |||||||||||||||||spa|d
020 |a 9789583410280 
082 0 4 |a 370.114  |b UNI  |2 21 
110 2 |a Universidad Católica Silva Enríquez  |e author  |9 585416 
710 2 |a Vicerrectoría de Identidad y Desarrollo Estudiantil  |e author  |9 585417 
710 2 |a Dirección de Vinculación con el Medio  |e author  |9 585418 
245 1 0 |a Educar para la paz en América Latina 
250 |a 1a. ed 
300 |a 133 p 
942 |c BK 
945 |d 20160414 22:20:00  |a arojas 
260 |a Santiago  |b Universidad Católica Silva Henríquez  |c 2014 
650 0 |a Educación religiosa   |9 308312 
650 0 |a Paz  |9 259242 
651 0 |a América Latina   |9 255027 
583 |a last modification  |c 20160414 22:20:00  |k Rodrigo Vera 
999 |c 363340  |d 363338 
952 |0 0  |1 0  |3 erb  |4 0  |6 370_114000000000000_UNI_2014  |7 0  |8 A  |9 475531  |a BIBGIM  |b BIBGIM  |i 5281156  |o 370.114 UNI 2014  |p 5281156  |r 2025-01-15  |w 2019-11-24  |y BK  |z Catalogado en:20160414  |k SSL